Historia general del Derecho Español.

Đã lưu trong:
Chi tiết về thư mục
Tác giả chính: Gibert, Rafael (autor)
Định dạng: Sách
Ngôn ngữ:Tiếng Tây Ban Nha
Được phát hành: Granada, España: Imp. F. Roman, 1968.
Những chủ đề:
Các nhãn: Thêm thẻ
Không có thẻ, Là người đầu tiên thẻ bản ghi này!

MARC

LEADER 00000nam a2200000 a 4500
001 UCR2511
003 CL-VaPUC
005 20220822114336.0
008 980112e19680000SP |||||||||||||||||spa|d
999 |c 265646  |d 265644 
040 |c Pontificia Universidad Católica de Valparaíso 
082 0 4 |a 349.46 GIB 1968  |2 21 
100 |a Gibert, Rafael  |e autor  |9 400461 
245 1 0 |a Historia general del Derecho Español.  
260 |a Granada, España:   |b Imp. F. Roman,  |c 1968. 
300 |a 549 páginas.  
500 |a c.2 Donación Familia Prof. Alejandro Guzmán Brito. 
583 |a last modification  |c 19980112 00:00:00  |k Rodrigo Vera 
650 0 |a Historia del derecho  |9 255109 
650 0 |a Derecho español  |9 255291  |x Historia  
650 7 |a Monarquía española  |2 CL-VaPUC  |9 400383 
650 0 |a Derecho municipal español  |2 CL-VaPUC  |9 400384 
650 0 |a Derecho marítimo español  |2 CL-VaPUC  |9 400385 
650 0 |a Derecho comercial español  |2 CL-VaPUC  |9 400386 
942 |c BK  |2 ddc  |n 0 
945 |d 19980112 00:00:00  |a crobeson 
952 |0 0  |1 0  |4 0  |6 349_460000000000000_GIB_1968  |7 0  |8 DER_HIS  |9 296653  |a BIBDER  |b BIBDER  |d 2019-11-20  |i 1924974  |o 349.46 GIB 1968  |p 1924974  |r 2023-01-25  |w 2019-11-20  |x Ubicación 4to Piso  |y BK  |z Estos recursos deben solicitarse con anticipación  |k DER